000 00958nam a22002891u 4500
001 06188
003 HDC
007 cr bn ---
008 210123p xx fo d 00 engg
040 _aHDC
100 _aMohd Farid Awang
_96505
245 0 _aHALAL LOGISTICS /
_cby MOHD FARID AWANG, AMIN ABDULLA & NORHAIZUM SAHRIL
260 _a[No place] :
_b[publisher not identified],
_c2013
300 _a86 pages :
_bIllustrations
336 _atext
_2rdacontent
337 _acomputer
_2rdamedia
338 _aonline resource
_2rdacarrier
650 _aHalal food
_950
650 _aHalal industry
_9144
650 _aHalal logistics
_9143
700 _aAMIN ABDULLA
_96506
700 _aNORHAIZUM SAHRIL
_96507
856 _zRequest full-text at [email protected]
942 _2lcc
942 _cSLIDE
942 _kSLID 000706
999 _c3512
_d3512